Transferencias gubernamentales como instrumento de polt̕ica presupuestaria en materia de infraestructura social bs̀ica

Bibliographic Details
Main Author: Cuevas Padilla, Ana Mara̕
Format: eBook
Language:Spanish
Published: Veracruz: Universidad de Xalapa, 2015
Subjects:
Online Access:Acceso restringido

MARC

LEADER 00000nam a22000007a 4500
005 20180330182445.0
007 cr|||| ||||
008 180330s2015 mx |||||s|||| 00||0 spa d
020 |a 978-607-8156-28-3 
035 |a 21188 
040 |a vLex 
090 |c 7586  |d 7586 
100 1 |a Cuevas Padilla, Ana Mara̕ 
245 1 0 |a Transferencias gubernamentales como instrumento de polt̕ica presupuestaria en materia de infraestructura social bs̀ica  |h [Recurso electrn̤ico] /  |c Ana Mara̕ Cuevas Padilla 
256 |a Servicio en ln̕ea 
260 |a Veracruz:  |b Universidad de Xalapa,  |c 2015 
300 |a 1 recurso electrn̤ico (215 p.) 
506 1 |a Disponible solo en los productos indicados  |d vLex Global  |d vLex Global (Academic Edition, excluding Law Schools)  |d vLex Global (U.S. Academic Edition, Law Schools)  |d vLex Global (U.S. Academic Edition, excluding Law Schools)  |d vLex Global (Academic Edition, Law Schools) 
650 0 4 |a Derecho Fiscal  |z Mx̌ico 
650 0 4 |a Derecho Pb︢lico y Administrativo  |z Mx̌ico 
740 0 |a vLex Libros (Servicio en ln̕ea) 
856 4 0 |u http://vlex.com/source/transferencias-gubernamentales-instrumento-politica-presupuestaria-materia-infraestructura-social-basica-21188  |z Acceso restringido 
942 |c BOOK 
999 0 |a Tax Law 
999 0 |a Public and Administrative Law